| 000 | 01556nam a2200289Ia 4500 | ||
|---|---|---|---|
| 003 | OSt | ||
| 005 | 20210817124821.0 | ||
| 008 | 210310s1988 sp ad gr 001 0 spa d | ||
| 020 | _a847162785X | ||
| 040 |
_aCO-JMCR _cCO-JMCR |
||
| 041 | 1 |
_aspa _heng |
|
| 082 | 0 | 4 |
_a338.91 / _bJ762i _223 |
| 100 | 1 |
_aJones, Hywel, _917035 _eautor |
|
| 245 | 1 | 0 |
_aIntroducción a las teorías modernas del crecimiento económico / _cHywel Jones ; traducción de Eugeni Aguiló y Antonio Menduiña |
| 250 | _aSegunda edición | ||
| 260 |
_aBarcelona : _bAntonio Bosch, _c1988 |
||
| 300 |
_axiv, 313 páginas : _bilustraciones y gráficas a blanco y negro ; _c22 cm. |
||
| 490 | 0 |
_aEconomía ; _v2 |
|
| 500 | _aIncluye notas a pie de página e índice de autores y de materias. Título original: Modern theories of economic growth | ||
| 504 | _aBibliografía: páginas [293]-307 | ||
| 505 | 0 | _aCrecimiento económico: teorías, modelos y "realidad" -- Conceptos y métodos de la teoría del crecimiento -- El modelo del crecimiento económico de Harrod-Domar -- El modelo de crecimiento neoclásico unisectorial -- Modelos de crecimiento económico bisectoriales -- La critica de Cambridge -- Las acepciones sencillas del progreso técnico -- La transmisión y las causas del progreso técnico -- Crecimiento económico y bienestar | |
| 546 | _aTraducido del inglés. | ||
| 650 | 1 | 4 |
_aDesarrollo económico _917037 _xModelos matemáticos |
| 700 | 1 |
_aAguiló, Eugeni, _etraductora _939419 |
|
| 700 | 1 |
_aMenduiña, Antonio, _etraductor _939420 |
|
| 942 |
_2ddc _cBK |
||
| 999 |
_c8357 _d8357 |
||